The conceit of innocence: losing the conscience of the west in the war against Bosnia (Record no. 35621)

MARC details
000 -LEADER
fixed length control field 00470nam a2200169Ia 4500
020 ## - INTERNATIONAL STANDARD BOOK NUMBER
ISBN 0- 89096- 770- 9
050 ## - CALL MARK
Classification number DR 1313 .C66/
100 ## - STATEMENT OF RESPONSIBILITY--MAIN AUTHOR NAME
Personal name Stjepan G. Mestrovic
245 #4 - TITLE STATEMENT
Title The conceit of innocence: losing the conscience of the west in the war against Bosnia
260 ## - PUBLICATION, DISTRIBUTION, ETC. (IMPRINT)
Name of publisher Stjepan G. Mestrovic
260 ## - PUBLICATION, DISTRIBUTION, ETC. (IMPRINT)
Year of publication 1997
300 ## - PHYSICAL DESCRIPTION
Number of Pages 259 p
650 ## - SUBJECT ADDED ENTRY--TOPICAL TERM
Topical Term Ethnopsychology
942 ## - ADDED ENTRY ELEMENTS (KOHA)
Koha item type Books
Holdings
Withdrawn status Lost status Source of classification or shelving scheme Damaged status Not for loan Permanent Location Current Location Date acquired Accession Number Price effective from Koha item type
    Library of Congress Classification     NILE UNIVERSITY OF NIGERIA - MAIN LIBRARY NILE UNIVERSITY OF NIGERIA - MAIN LIBRARY 04/23/2025 0002240 04/23/2025 Books